000 00459cam a2200181ua 4500
020 _cRs 1.50
041 _aeng
_h
082 _a320.58
_bKAL/TO
100 _aKalerkar, Kakasaheb .
245 0 0 _aTo ashram sisters /
_cKakasaheb Kalerkar.
_hTextual Documents
260 _aAhmadabad :
_bNavajivan publishing house ,
_c1960.
300 _a116 ; .
365 _aRs 1.50
504 _a
650 _aGandhiana
942 _cBK
999 _c1091
_d1091